| 000 | 02280nam0a2200397 4500 | ||
|---|---|---|---|
| 001 | RU\NLR\bibl\994349 | ||
| 005 | 20260405125315.0 | ||
| 010 |
_a5-98803-023-8 _bВ пер. |
||
| 021 |
_aRU _b2006-48854 _92424 |
||
| 035 | _a(nilc)RSL-KNO-002923942 | ||
| 035 | _a(NLR Aleph) 000982125 | ||
| 090 |
_a465762 _c465762 |
||
| 100 | _a20060822d2006 |||y0rusy50 ca | ||
| 101 | 0 | _arus | |
| 102 | _aRU | ||
| 105 | _aa ||||||||| | ||
| 106 | _ar | ||
| 200 | 1 |
_aМедицинская цитогенетика _eучебное пособие _fС.Г. Ворсанова, Ю.Б. Юров, В.Н. Чернышов _gФГУ Московский НИИ педиатрии и детской хирургии Росздрава, ГУ Науч. центр психического здоровья РАМН, Россия, ГОУ ВПО Ростовский гос. мед. ун-т Росздрава |
|
| 210 |
_aМосква _cМедпрактика-М _d2006 _eЛюберцы (Моск. обл.) _gПИК ВИНИТИ |
||
| 215 |
_a299 с.,[11] л. ил. _cил. _d21 |
||
| 300 | _aНа 4-й с. обл. авт.: Ворсанова С.Г., Юров Ю.Б. - профессора, доктора биол. наук, Чернышев - проф., засл. работник высш. шк. | ||
| 320 | _aБиблиогр.: с. 270-299 | ||
| 606 | 1 |
_aЦитологическая генетика клиническая _jУчебные издания _9965714 _3RU\NLR\auth\6642509 |
|
| 610 | 0 | _aЗдравоохранение. Медицинские науки -- Общая патология -- Патологическая физиология -- Медицинская генетика -- Пособие для специалистов | |
| 686 |
_aР252.215,07 _2rubbk |
||
| 686 | _aР41,4я7 | ||
| 686 | _aЕ041.12я7 | ||
| 700 | 1 |
_aВорсанова _bС. Г. _gСветлана Григорьевна _4070 |
|
| 701 | 1 |
_aЮров _bЮ. Б. _gЮрий Борисович _4070 |
|
| 701 | 1 |
_4070 _8rus _7ca _aЧернышов _bВ.Н. _cпедиатр _f1940- _gВиктор Николаевич _3RU\NLR\auth\7750650 _933584 |
|
| 801 | 0 |
_aRU _bРКП _c20060822 _grcr |
|
| 801 | 1 |
_aRU _bРГБ _c20060822 |
|
| 801 | 2 |
_aRU _bNLR _c20061010 _grcr |
|
| 942 | _cBOOK | ||
| 980 | _aNB | ||